Viivi Luige elujõu poeetika

Titel: Viivi Luige elujõu poeetika / Maarja Vaino ; toimetanud Toomas Haug ; kujundanud Merle Moorlat
Verfasser:
Veröffentlicht: Tallinn : EKSA, 2025
Umfang: 149 Seiten : Illustrationen
Format: Buch
Sprache: Estnisch
Schlagworte:
ISBN: 9789916768334
Buchumschlag
X
alg: 53511282
001A    $03004:12-11-25 
001B    $01999:13-03-26 $t12:38:11.000 
001D    $03004:08-12-25 
001U    $0utf8 
001X    $00 
002@    $0Aau 
002C    $aText $btxt $2rdacontent 
002D    $aohne Hilfsmittel zu benutzen $bn $2rdamedia 
002E    $aBand $bnc $2rdacarrier 
003@    $0535112823 
004A    $A978-9916-768-33-4 
007A    $0535112823 $aHEB 
007G    $0 
009P    $qapplication/pdf $A2 $3Cover $uhttp://scans.hebis.de/HEBCGI/show.pl?53511282_cov.pdf $mV:DE-603;B:DE-Mb50 
009P    $qapplication/pdf $A2 $3Inhaltsverzeichnis $uhttp://scans.hebis.de/HEBCGI/show.pl?53511282_toc.pdf $mV:DE-603;B:DE-Mb50 
010@    $aest 
010E    $erda 
011@    $a2025 
021A    $aViivi Luige elujõu poeetika $hMaarja Vaino ; toimetanud Toomas Haug ; kujundanud Merle Moorlat 
028A    $BVerfasser $4aut $8Vaino, Maarja$Z1976- [Tp3] $9479495521 
033A    $pTallinn $nEKSA 
034D    $a149 Seiten 
034M    $aIllustrationen 
037A    $aLiteraturangaben 
044K    $7128465018 $8Luik, Viivi$Z1946- [Tp1] $9114682127 
044K    $RGouvernement Estland $REstnische Sozialistische Sowjetrepublik $#Estland $#Estland $#Estland $#Estland (vor 1940) $#Republik Estland $#Estnische Republik $#Eesti $#Eesti Vabariik $#EV $#Estonia $#Republic of Estonia $#Estonie $#Ėstonskaja Respublika $74015587-0 $8Estland [Tg1] $9085035777 
044K    $RAutorin $RSchriftsteller $#Women novelists $#Romancières $#Narratrici $#Dichterin $74053311-6 $8Schriftstellerin [Ts1] $9085148059 
044K    $RPhilologie $#Literature History and criticism $#Literaturwissenschaft $#Literaturwissenschaft $#Literaturwissenschaften $74036034-9 $8Literaturwissenschaft [Ts1] $9085097624 
045F    $a809 $eDDC23BSB 
045F/01 $a809 
045F/03 $f0904 
045F/03 $f0905 
045F/03 $g4798 

lok: 53511282 24

exp: 53511282 24 1 #EPN
201B/01 $008-12-25 $t14:05:57.000 
201C/01 $012-11-25 
201U/01 $0utf8 
203@/01 $01322451591 
208@/01 $a04-12-25 $bz 
209A/01 $a25.06558 $du $f050 $h25 06558 $x00 
209C/01 $a25.06558 K $h25 06558 K 
209G/01 $a74854109 $x00 
220C/01 $akoe 
247C/01 $8358050-7 Marburg, Bibliothek des Herder-Instituts Marburg $9102600961
LEADER 00000cam a2200000 c 4500
001 535112823
003 DE-603
005 20260313123811.0
007 tu
008 251112s2025 xx |||| | u00||u|est c
020 |a 9789916768334 
035 |a (DE-599)HEB535112823 
040 |a DE-603  |b ger  |c DE-603  |d DE-603  |e rda 
041 |a est 
082 0 4 |8 1\u  |a 809  |q DE-101  |2 23/BSB 
085 |8 1\u  |b 809 
085 |8 1\u  |z 1  |s 0904 
085 |8 1\u  |z 1  |s 0905 
085 |8 1\u  |z 2  |s 4798 
100 1 |a Vaino, Maarja  |d 1976-  |e Verfasser  |4 aut  |0 (DE-603)479495521  |0 (DE-588)1234010402  |2 gnd 
245 0 0 |a Viivi Luige elujõu poeetika  |c Maarja Vaino ; toimetanud Toomas Haug ; kujundanud Merle Moorlat 
264 1 |a Tallinn  |b EKSA  |c 2025 
300 |a 149 Seiten  |b Illustrationen 
336 |a Text  |b txt  |2 rdacontent 
337 |a ohne Hilfsmittel zu benutzen  |b n  |2 rdamedia 
338 |a Band  |b nc  |2 rdacarrier 
500 |a Literaturangaben 
600 1 7 |a Luik, Viivi  |d 1946-  |0 (DE-588)128465018  |0 (DE-603)114682127  |2 gnd 
650 7 |a Schriftstellerin  |0 (DE-588)4053311-6  |0 (DE-603)085148059  |2 gnd 
650 7 |a Literaturwissenschaft  |0 (DE-588)4036034-9  |0 (DE-603)085097624  |2 gnd 
651 7 |a Estland  |0 (DE-588)4015587-0  |0 (DE-603)085035777  |2 gnd 
856 4 2 |m V:DE-603;B:DE-Mb50  |q application/pdf  |u http://scans.hebis.de/HEBCGI/show.pl?53511282_cov.pdf  |3 Cover 
856 4 2 |m V:DE-603;B:DE-Mb50  |q application/pdf  |u http://scans.hebis.de/HEBCGI/show.pl?53511282_toc.pdf  |3 Inhaltsverzeichnis 
924 0 |9 Mb 50  |a (DE-603)1322451591  |b DE-Mb50  |c HES  |d c  |g 25.06558